000 01078cam a2200277 a 4500
003 EG-GiCUC
008 160801s2003 jo g 000 0 ara d
017 _a2003 / 7 / 1459
_bالاردن . المكتبة الوطنية
040 _aEG-GiCUC
_bara
_cEG-GiCUC
043 _ama-----
092 0 4 _a410
_bK22
_221
099 _a04
_a410 K22
100 1 _aالكواملة : عبد الفتاح
245 1 0 _aبين يدى النجديات /
_cعبد الفتاح الكواملة ؛ اعداد و تقديم زياد ابو لبن
260 _aعمان :
_b[د . ن ]:
_c2003
300 _a128ص؛
_c20سم
504 _aيشتمل على ارجاعات ببليوجرافية
650 7 _aاللغة العربية
_2qrmak
650 7 _aاللغة العربية
_xتعليم و تدريس
_zالعالم العربى
_2qrmak
700 1 _aابو لبن : زياد
902 _a1
905 _aاميرة
_eمدخل
905 _aجيهان
_eمراجع
942 _2ddc
_cBK
999 _c144286
_d144286